Colours of the South African Flag - Statistics

General Stats
  • This quiz has been taken 18 times
  • The average score is 5 of 6
Answer Stats
Colours % Correct
Black
100%
Green
94%
Red
94%
Yellow
81%
Blue
75%
White
75%
No matching quizzes found
Score Distribution
Percent of People with Each Score
Percentile by Number Answered
Your Score History
You have not taken this quiz